<?xml version="1.0" encoding="utf-8"?>
<?xml-stylesheet type='text/xsl' href='./oai2.xsl'?>
<OAI-PMH xmlns="http://www.openarchives.org/OAI/2.0/" xmlns:xsi="http://www.w3.org/2001/XMLSchema-instance" xsi:schemaLocation="http://www.openarchives.org/OAI/2.0/ http://www.openarchives.org/OAI/2.0/OAI-PMH.xsd">
  <responseDate>2026-04-30T03:31:41Z</responseDate>
  <request verb="GetRecord" metadataPrefix="marcxml" identifier="isil_DE-MUS-026819_1969">https://kulturerbe.niedersachsen.de/oai</request>
  <GetRecord>
    <record>
      <header>
        <identifier>isil_DE-MUS-026819_1969</identifier>
        <datestamp>2025-07-14T10:11:30Z</datestamp>
        <setSpec>slg0247</setSpec>
      </header>
      <metadata>
        <marc:record xmlns:marc="http://www.loc.gov/MARC21/slim" xsi:schemaLocation="http://www.loc.gov/MARC21/slim http://www.loc.gov/standards/marcxml/schema/MARC21slim.xsd">
          <marc:leader>12345nrm  22     uu 4500</marc:leader>
          <marc:controlfield tag="001">1969</marc:controlfield>
          <marc:controlfield tag="003">HAUM</marc:controlfield>
          <marc:controlfield tag="005">2024-11-18T13:08:00</marc:controlfield>
          <marc:controlfield tag="008">|           ||||||||||||||||||||||</marc:controlfield>
          <marc:datafield tag="245" ind1="1" ind2="0">
            <marc:subfield code="a">Uschebti der Djiydjedeten-[...] (Typologie nach Schneider: Cl.VIIIB1; W19; H8; I5; B10b; Tp7a)</marc:subfield>
          </marc:datafield>
          <marc:datafield tag="655" ind1=" " ind2="7">
            <marc:subfield code="a">Archäologie</marc:subfield>
          </marc:datafield>
          <marc:datafield tag="046" ind1=" " ind2=" ">
            <marc:subfield code="k">-1190</marc:subfield>
            <marc:subfield code="k">Ägypten, Späteres Neues Reich bis Dritte Zwischenzeit, 20./21. Dynastie</marc:subfield>
            <marc:subfield code="l">-944</marc:subfield>
          </marc:datafield>
          <marc:datafield tag="260" ind1=" " ind2=" ">
            <marc:subfield code="g">-1190</marc:subfield>
            <marc:subfield code="g">-944</marc:subfield>
            <marc:subfield code="g">Ägypten, Späteres Neues Reich bis Dritte Zwischenzeit, 20./21. Dynastie</marc:subfield>
          </marc:datafield>
          <marc:datafield tag="300" ind1=" " ind2=" ">
            <marc:subfield code="a">Maße: 12,9 x 5,7 x 3,2 cm</marc:subfield>
          </marc:datafield>
          <marc:datafield tag="520" ind1=" " ind2=" ">
            <marc:subfield code="a">Beschreibung: 
Die Verstorbene trägt die dreigeteilte Perücke. Mit schwarzer Farbe sind ein Stirnband, Augenbrauen, Augen und Schminkstrich angegeben. Die Hände sind überkreuzt und die Handpflüge mit schwarzer Farbe aufgemalt. Auf den Beinen befindet sich eine kurze, an den Seiten begrenzte Inschrift, die den Namen der Verstorbenen, Djiydjedeten-[...] (+jy-Dd.t.n-[...]), nennt. Auf dem Rücken hängt ein rechteckiger Saatkorb mit Gittermuster. 

Katalog-Nummer: 
61

Literatur: 
Iris Tinius, Altägypten in Braunschweig, 2011, Hg.: Regine Marth (Sammlungskataloge des Herzog Anton Ulrich-Museums Braunschweig; 16)</marc:subfield>
          </marc:datafield>
          <marc:datafield tag="650" ind1="1" ind2=" ">
            <marc:subfield code="a">Späteres Neues Reich bis Dritte Zwischenzeit, 20./21. Dynastie</marc:subfield>
          </marc:datafield>
          <marc:datafield tag="650" ind1="1" ind2=" ">
            <marc:subfield code="a">Altägypten</marc:subfield>
          </marc:datafield>
          <marc:datafield tag="650" ind1="1" ind2=" ">
            <marc:subfield code="a">Außereuropäische Kunst</marc:subfield>
          </marc:datafield>
          <marc:datafield tag="650" ind1="1" ind2=" ">
            <marc:subfield code="a">Antike</marc:subfield>
          </marc:datafield>
          <marc:datafield tag="650" ind1="1" ind2=" ">
            <marc:subfield code="a">Statuette</marc:subfield>
          </marc:datafield>
          <marc:datafield tag="650" ind1="1" ind2=" ">
            <marc:subfield code="a">Uschebti</marc:subfield>
          </marc:datafield>
          <marc:datafield tag="773" ind1="0" ind2=" ">
            <marc:subfield code="t">Altägypten in Braunschweig</marc:subfield>
          </marc:datafield>
          <marc:datafield tag="852" ind1=" " ind2=" ">
            <marc:subfield code="a">Herzog Anton Ulrich-Museum, Braunschweig</marc:subfield>
          </marc:datafield>
          <marc:datafield tag="" ind1=" " ind2=" ">
            <marc:subfield code="a">Namensnennung - Nicht-kommerziell - Weitergabe unter gleichen Bedingungen 4.0 International (CC BY-NC-SA 4.0)</marc:subfield>
          </marc:datafield>
        </marc:record>
      </metadata>
    </record>
  </GetRecord>
</OAI-PMH>
